000 00748nam a2200253Ia 4500
008 160517s9999 xx 000 0 und d
020 _a971-08-6344-4
050 _aFIL DS 668
050 _b.Z85 2010
100 _aZulueta, Francisco M.
245 _aPhilippine history and government :
245 _bthrough the years /
245 _cFrancisco M. Zulueta, Abriel M. Nebres.
260 _aMandaluyong:
260 _bNational Books Store,
260 _c2010
300 _a347 pages :
300 _billustrations ;
300 _c22 cm.
500 _aIncludes bibliographical references.
650 _aPhilippines -- History.
650 _aPhilippines -- Study and teaching.
650 _xPhilippines -- Politics and government.
999 _c294104
_d294104